| Поле | Название | Значение |
| |
Тип записи |
a |
| |
Библиографический уровень |
m |
| 001 |
Контрольный номер |
RU/IS/BASE/602772717 |
| 005 |
Дата корректировки |
20240131005119.7 |
| 013 |
Номер (ISMN) |
__ |
| d |
Цена |
3550 р. |
| 100 |
Данные общей обработки |
__ |
| a |
Данные общей обработки |
20190206d2019 u y0rusy0189||||ca |
| 101 |
Язык документа |
0_ |
| a |
Язык текста |
eng |
| f |
Язык титульного листа |
eng |
| 102 |
Страна публикации |
__ |
| a |
Страна публикации |
GB |
| 105 |
Кодированные данные (монография) |
__ |
| a |
Кодированные данные (монография) |
y###||||000|y |
| 125 |
Кодированные данные звукозаписи и нотных изданий |
__ |
| a |
Форма изложения нотного текста |
с| |
| 128 |
Кодированные данные (звукозаписи-физические характеристики) |
__ |
| a |
Кодированные данные: Музыкальная форма и тональность или лад |
si |
| b |
Инструменты или голоса, необходимые для ансамблей (устаревшее) |
ka|| |
| 200 |
Заглавие и сведения об ответственности |
1_ |
| a |
Заглавие |
B. 1 |
| e |
Сведения, относящиеся к заглавию |
Nos. 1-6 |
| 215 |
Физическое описание |
__ |
| a |
Объем |
161 с. |
| 327 |
Примечание о содержании |
11 |
| a |
Примечание о содержании |
Содерж. : Symphony 1 (Jupiter) in C : Kochel : No. 551 ; Symphony 2 in Gm : Kochel : No. 550 ; Symphony 3 in Eb : Kochel : No. 543 ; Symphony 4 in D : Kochel : No. 504 ; Symphony 5 in D : Kochel : No. 385 ; Symphony 6 in C : Kochel : No. 425. |
| 461 |
Уровень набора |
_0 |
| 1 |
|
001RU/IS/BASE/602771682 |
| 1 |
|
200 |
| a |
|
Twelve symphonies |
| b |
|
Ноты |
| d |
|
12 симфоний |
| e |
|
in two books |
| f |
|
Wolfgang Amadeus Mozart |
| v |
|
B. 1 |
| 1 |
|
210 |
| a |
|
New York |
| c |
|
G. Schirmer |
| 1 |
|
225 |
| a |
|
Schirmer's library of musical classics |
| e |
|
Vol. 71 |
| 464 |
Аналитический уровень |
_0 |
| 1 |
|
2001 |
| a |
|
Symphony 1 (Jupiter) |
| e |
|
in C |
| e |
|
Kochel : No. 551 |
| 1 |
|
50010 |
| a |
|
Jupiter |
| 464 |
Аналитический уровень |
_0 |
| 1 |
|
2001 |
| a |
|
Symphony 2 |
| e |
|
in Gm |
| e |
|
Kochel : No. 550 |
| 464 |
Аналитический уровень |
_0 |
| 1 |
|
2001 |
| a |
|
Symphony 3 |
| e |
|
in Eb |
| e |
|
Kochel : No. 543 |
| 464 |
Аналитический уровень |
_0 |
| 1 |
|
2001 |
| a |
|
Symphony 4 |
| e |
|
in D |
| e |
|
Kochel : No. 504 |
| 464 |
Аналитический уровень |
_0 |
| 1 |
|
2001 |
| a |
|
Symphony 5 |
| e |
|
in D |
| e |
|
Kochel : No. 385 |
| 464 |
Аналитический уровень |
_0 |
| 1 |
|
2001 |
| a |
|
Symphony 6 |
| e |
|
in C |
| e |
|
Kochel : No. 425 |
| 500 |
Унифицированное заглавие |
__ |
| a |
Унифицированное заглавие |
Симфонии |
| 512 |
Заглавие обложки |
__ |
| a |
Заглавие обложки |
Twelve symphonies |
| 600 |
Персоналии |
__ |
| a |
Персоналии (Фамилия) |
Mozart, Wolfgang Amadeus |
| 606 |
Тематические рубрики |
__ |
| a |
Основная рубрика |
Переложения симфонических произведений |
| x |
Основная подрубрика |
Симфонии |
| x |
Основная подрубрика |
Фортепианные ансамбли |
| 610 |
Ключевые слова |
__ |
| a |
Ключевые слова |
Моцарт В. А. |
| 610 |
Ключевые слова |
0_ |
| a |
Ключевые слова |
переложения симфонических произведений |
| 610 |
Ключевые слова |
0_ |
| a |
Ключевые слова |
ансамбли фортепианные |
| 610 |
Ключевые слова |
0_ |
| a |
Ключевые слова |
симфонии |
| 686 |
Индексы других классификаций |
__ |
| a |
Классификационный индекс |
85.952.424-095(2)44 |
| 2 |
Код системы |
rubbk |
| 801 |
Источник записи |
_0 |
| a |
Страна |
RU |
| b |
Организация |
Ульяновская ОНБ |
| c |
Дата составления |
20190206 |
| g |
Правила каталогизации |
RCR |
| 801 |
Источник записи |
_1 |
| a |
Страна |
RU |
| b |
Организация |
Ульяновская ОНБ |
| c |
Дата составления |
20190206 |
| g |
Правила каталогизации |
RCR |
| 901 |
Тип документа |
__ |
| t |
Тип документа |
n |
| w |
Контрольный № источника |
RU/IS/BASE/602771682 |
| 909 |
Создатель записи |
__ |
| a |
Создатель записи |
Никитина Т. А. |
| 938 |
Служебная информация |
__ |
| a |
Имя БД |
noti |
| b |
Имя библиотеки |
УОНБ |
| c |
Имя АИБС |
МАРК-SQL |
| d |
Номер DOC_ID в БД |
19987 |